Rechtsfortbildung durch internationale Schiedsgerichtsbarkeit

Saved in:
Bibliografiske detaljer
Format: Bog
Sprog:tysk
Udgivet: Berlín Carl Heymanns 1989
Serier:Schriftenreihe des Deutschen Intituts fur Schiedsgerichtswesen, 8
Fag:
Tags: Tilføj Tag
Ingen Tags, Vær først til at tagge denne postø!

MARC

LEADER 00000nam a2200000 a 4500
001 UCY5121
003 CL-VaPUC
008 950412e19890000GW |||||||||||||||||ger|d
082 0 4 |a 341.75  |b REC  |2 21 
245 1 0 |a Rechtsfortbildung durch internationale Schiedsgerichtsbarkeit 
300 |a 181 p 
942 |c BK 
945 |d 19950412 00:00:00  |a aalvarez 
260 |a Berlín  |b Carl Heymanns  |c 1989 
650 0 |a    |9 333742 
650 0 |a Arbitraje económico  |9 333743 
583 |a last modification  |c 19950412 00:00:00  |k Rodrigo Vera 
490 0 |a Schriftenreihe des Deutschen Intituts fur Schiedsgerichtswesen, 8 
999 |c 232838  |d 232836 
952 |0 0  |1 0  |4 0  |6 341_750000000000000_REC_1989  |7 0  |8 A  |9 237757  |a BIBDER  |b BIBDER  |d 2019-11-18  |i 3075656  |o 341.75 REC 1989  |p 3075656  |r 2023-01-25  |w 2019-11-18  |y BK  |k DER